<?xml version="1.0" encoding="UTF-8"?>
<record
    xmlns:xsi="http://www.w3.org/2001/XMLSchema-instance"
    xsi:schemaLocation="http://www.loc.gov/MARC21/slim http://www.loc.gov/standards/marcxml/schema/MARC21slim.xsd"
    xmlns="http://www.loc.gov/MARC21/slim">

  <leader>02003nam a22002537a 4500</leader>
  <controlfield tag="001">9206</controlfield>
  <controlfield tag="003">FISKH</controlfield>
  <controlfield tag="005">20251202081944.0</controlfield>
  <controlfield tag="008">251202b        cb ||||| |||| 00| 0 eng d</controlfield>
  <datafield tag="040" ind1=" " ind2=" ">
    <subfield code="a">FISKH</subfield>
    <subfield code="b">khr</subfield>
    <subfield code="c">FISKH</subfield>
    <subfield code="d">FISKH</subfield>
  </datafield>
  <datafield tag="082" ind1=" " ind2=" ">
    <subfield code="a">813.52</subfield>
  </datafield>
  <datafield tag="100" ind1=" " ind2=" ">
    <subfield code="a">Sovanphum Organization</subfield>
  </datafield>
  <datafield tag="245" ind1=" " ind2=" ">
    <subfield code="a">&#x1791;&#x17C6;&#x1796;&#x17B6;&#x17C6;&#x1784;&#x1795;&#x17BB;&#x178F;&#x178A;&#x17B8; &#x200B;( &#x179F;&#x17B7;&#x1791;&#x17D2;&#x1792;&#x17B7;&#x1780;&#x17BB;&#x1798;&#x17B6;&#x179A; ) /</subfield>
    <subfield code="c">&#x1795;&#x179B;&#x17B7;&#x178F;&#x178A;&#x17C4;&#x1799; &#x17A2;&#x1784;&#x17D2;&#x1780;&#x1780;&#x17B6;&#x179A;&#x179F;&#x17BB;&#x179C;&#x178E;&#x17D2;&#x178E;&#x1797;&#x17BC;&#x1798;&#x17B7;</subfield>
  </datafield>
  <datafield tag="260" ind1=" " ind2=" ">
    <subfield code="a">&#x1797;&#x17D2;&#x1793;&#x17C6;&#x1796;&#x17C1;&#x1789; &#x200B;:</subfield>
    <subfield code="b">&#x179A;&#x17C4;&#x1784;&#x1796;&#x17BB;&#x1798;&#x17D2;&#x1796; &#x1796;&#x1793;&#x17D2;&#x179B;&#x17BA;&#x1796;&#x17C1;&#x1787;&#x17D2;&#x179A; , </subfield>
    <subfield code="c">&#x17E2;&#x17E0;&#x17E0;&#x17E9;&#x200B; .</subfield>
  </datafield>
  <datafield tag="300" ind1=" " ind2=" ">
    <subfield code="a">26 pages : </subfield>
    <subfield code="b">color illustrations ;</subfield>
    <subfield code="c">29 cm . </subfield>
  </datafield>
  <datafield tag="505" ind1=" " ind2=" ">
    <subfield code="a">R 
</subfield>
  </datafield>
  <datafield tag="520" ind1=" " ind2=" ">
    <subfield code="a">&#x17A2;&#x17D2;&#x1793;&#x1780;&#x1793;&#x17B7;&#x1796;&#x1793;&#x17D2;&#x1792;&#x178F;&#x17B6;&#x1780;&#x17CB;&#x178F;&#x17C2;&#x1784;&#x179A;&#x17BF;&#x1784;&#x1793;&#x17C1;&#x17C7;&#x17A1;&#x17BE;&#x1784; &#x178A;&#x17C4;&#x1799;&#x1795;&#x17D2;&#x17A2;&#x17C2;&#x1780;&#x179B;&#x17BE;&#x178F;&#x1790;&#x1797;&#x17B6;&#x1796;&#x1798;&#x17BD;&#x1799;&#x1785;&#x17C6;&#x1793;&#x17BD;&#x1793;&#x1780;&#x17D2;&#x1793;&#x17BB;&#x1784;&#x179F;&#x1784;&#x17D2;&#x1782;&#x1798; &#x178A;&#x17BE;&#x1798;&#x17D2;&#x1794;&#x17B8;&#x179A;&#x17C6;&#x179B;&#x17B9;&#x1780;&#x1798;&#x17B6;&#x178F;&#x17B6;&#x1794;&#x17B7;&#x178F;&#x17B6; &#x17AC; &#x17A2;&#x17B6;&#x178E;&#x17B6;&#x1796;&#x17D2;&#x1799;&#x17B6;&#x1794;&#x17B6;&#x179B;&#x17A2;&#x17C4;&#x1799;&#x1799;&#x1780;&#x1785;&#x17B7;&#x178F;&#x17D2;&#x178F;&#x1791;&#x17BB;&#x1780;&#x178A;&#x17B6;&#x1780;&#x17CB; &#x1787;&#x17BD;&#x1799;&#x1791;&#x17C6;&#x1793;&#x17BB;&#x1780;&#x1794;&#x17C6;&#x179A;&#x17BB;&#x1784; &#x1795;&#x17D2;&#x1782;&#x178F;&#x17CB;&#x1795;&#x17D2;&#x1782;&#x1784;&#x17CB; &#x1793;&#x17B7;&#x1784;&#x1795;&#x17D2;&#x178F;&#x179B;&#x17CB;&#x1780;&#x17B6;&#x179A;&#x1780;&#x17C6;&#x179F;&#x17B6;&#x1793;&#x17D2;&#x178F;&#x1781;&#x17D2;&#x179B;&#x17C7;&#x178A;&#x179B;&#x17CB;&#x1780;&#x17BB;&#x1798;&#x17B6;&#x179A; &#x178A;&#x17BE;&#x1798;&#x17D2;&#x1794;&#x17B8;&#x17A2;&#x17C4;&#x1799;&#x1780;&#x17BB;&#x1798;&#x17B6;&#x179A;&#x179B;&#x17BC;&#x178F;&#x179B;&#x17B6;&#x179F;&#x17CB; &#x1795;&#x17D2;&#x1793;&#x17C2;&#x1780;&#x179A;&#x17B6;&#x1784;&#x1780;&#x17B6;&#x1799; &#x1794;&#x1789;&#x17D2;&#x1789;&#x17B6;&#x1793;&#x17B7;&#x1784;&#x179F;&#x17D2;&#x1798;&#x17B6;&#x179A;&#x178F;&#x17B8; &#x17A0;&#x17A0;&#x17BE;&#x1799;&#x17A2;&#x17C4;&#x1799;&#x1796;&#x17BD;&#x1780;&#x1782;&#x17C1;&#x1780;&#x17D2;&#x179B;&#x17B6;&#x1799;&#x1791;&#x17C5;&#x1787;&#x17B6;&#x1798;&#x17B6;&#x178F;&#x17B6;&#x1794;&#x17B7;&#x178F;&#x17B6; &#x17AC; &#x17A2;&#x17B6;&#x178E;&#x17B6;&#x1796;&#x17D2;&#x1799;&#x17B6;&#x1794;&#x17B6;&#x179B;&#x179F;&#x1798;&#x17D2;&#x179A;&#x17B6;&#x1794;&#x17CB;&#x1799;&#x17BB;&#x179C;&#x179C;&#x17D0;&#x1799;&#x1787;&#x17C6;&#x1793;&#x17B6;&#x1793;&#x17CB;&#x1780;&#x17D2;&#x179A;&#x17C4;&#x1799; &#x17D4; </subfield>
  </datafield>
  <datafield tag="520" ind1=" " ind2=" ">
    <subfield code="a">The author created this story based on certain social realities in order to remind parents or guardians to be attentive, to nurture, provide for, and offer some enjoyment to children, so that they can grow physically, intellectually, and emotionally, and eventually become parents or guardians for the next generation.</subfield>
  </datafield>
  <datafield tag="521" ind1="8" ind2=" ">
    <subfield code="a">700 
</subfield>
    <subfield code="b">Lexile estimate 
</subfield>
  </datafield>
  <datafield tag="521" ind1="8" ind2=" ">
    <subfield code="a">R 
</subfield>
    <subfield code="b">Raz-Plus 
</subfield>
  </datafield>
  <datafield tag="700" ind1=" " ind2=" ">
    <subfield code="a">Ratanak , Srey</subfield>
    <subfield code="e">Illustrator</subfield>
  </datafield>
  <datafield tag="942" ind1=" " ind2=" ">
    <subfield code="2">ddc</subfield>
    <subfield code="c">KHB</subfield>
    <subfield code="n">0</subfield>
  </datafield>
  <datafield tag="999" ind1=" " ind2=" ">
    <subfield code="c">9206</subfield>
    <subfield code="d">9206</subfield>
  </datafield>
  <datafield tag="952" ind1=" " ind2=" ">
    <subfield code="0">0</subfield>
    <subfield code="1">0</subfield>
    <subfield code="2">ddc</subfield>
    <subfield code="4">0</subfield>
    <subfield code="7">0</subfield>
    <subfield code="8">KH</subfield>
    <subfield code="a">002</subfield>
    <subfield code="b">002</subfield>
    <subfield code="c">TTP Khmer</subfield>
    <subfield code="d">2025-12-02</subfield>
    <subfield code="l">0</subfield>
    <subfield code="o">SOV 813.52</subfield>
    <subfield code="p">2025-4998</subfield>
    <subfield code="r">2025-12-02 08:17:46</subfield>
    <subfield code="w">2025-12-02</subfield>
    <subfield code="y">KHB</subfield>
  </datafield>
</record>
